| 000 | 00331nam a2200121Ia 4500 | ||
|---|---|---|---|
| 008 | 231129s9999||||xx |||||||||||||| ||spa|| | ||
| 040 | _bspa | ||
| 082 | _a986.101 Z93v | ||
| 100 | _aZuluaga Gomez Victor | ||
| 245 | 0 | _aVida pasion y muerte de los indigenas de Caldas y Risaralda | |
| 264 | _aGraficas Olimpica | ||
| 942 |
_2ddc _cBKS |
||
| 999 |
_c26255 _d26255 |
||